00362nam a2200133Ia 4500008004100000020001500041041001200056100001600068245009200084250000900176260002800185300000800213650000700221221030s9999 xx 000 0 und d a8185749299 aEnglish aJ. B. Gupta 2aA Course in Electrical Technology - Basic Electrical Engineering Vol. Icby J. B. Gupta a12th bKatsonaNew Delhic2014 a771 aEE